banner koha

Selaginella convoluta apresenta atividade acaricida frente ao carrapato Rhipicephalus (Boophilus) microplus (Registro n. 300931)

MARC details
000 -LÍDER
fixed length control field 02775nab a2200277 i 4500
003 - CÓDIGO MARC DA AGÊNCIA CATALOGADORA
Campo de controle BR-BrBNA
005 - DATA E HORA DA ÚLTIMA ATUALIZAÇÃO
Campo de controle 20240816113524.0
008 - CAMPO DE TAMANHO FIXO
fixed length control field 240816b2017 bl.qr|pooa||| 00| 0 por |
040 ## - FONTE DA CATALOGAÇÃO
Agência catalogadora BR-BrBNA
Idioma da catalogação por
072 ## - CATEGORIA AGRIS
Código AGRIS F60
100 ## - ENTRADA PRINCIPAL - NOME PESSOAL
Nome pessoal Dantas, A.C.S.
100 ## - ENTRADA PRINCIPAL - NOME PESSOAL
Nome pessoal Sá, P.G.S.
100 ## - ENTRADA PRINCIPAL - NOME PESSOAL
Nome pessoal Almeida, J.R.G.S.
100 ## - ENTRADA PRINCIPAL - NOME PESSOAL
Nome pessoal Horta, M.C.
245 ## - TÍTULO PRINCIPAL
Título principal Selaginella convoluta apresenta atividade acaricida frente ao carrapato Rhipicephalus (Boophilus) microplus
500 ## - NOTA GERAL
Nota geral Publicação on-line; 21 ref.; 1 table; Summaries (En, Pt)
942 ## - ADDED ENTRY ELEMENTS (KOHA)
Koha item type
520 ## - NOTA DE RESUMO
Nota de conteúdo <br/><br/>RESUMO: <br/><br/>O presente trabalho objetivou avaliar a atividade acaricida in vitro do extrato<br/>etanólico bruto e das frações obtidas por partição do extrato etanólico de Selaginella convoluta<br/>no controle de Rhipicephalus (Boophilus) microplus. O extrato bruto e as frações (5, 10 e 25<br/>mg/mL) foram submetidos ao teste de imersão de fêmeas ingurgitadas para verificação da<br/>porcentagem de eclosão dos ovos, inibição da oviposição, índice de reprodução estimada e a<br/>eficácia dos extratos. Das amostras avaliadas, o extrato etanólico bruto (2,5%) apresentou o<br/>melhor resultado, obtendo 54,6% de eficácia. Embora nem todas as frações tenham apresentado<br/>uma eficácia satisfatória, os resultados encontrados podem sugerir um efeito auxiliar no controle<br/>de carrapatos.<br/><br/>Palavras-chaves: carrapato; controle biológico; jericó
520 ## - NOTA DE RESUMO
Nota de conteúdo <br/><br/>ABSTRACT: <br/><br/>Selaginella convolute presents acaricidal activity against Rhipicephalus<br/>(Boophilus) microplus ticks. This study aimed to evaluate the in vitro acaricidal activity of<br/>crude ethanolic extract and phases obtained by partition of the crude extract of Selaginella<br/>convoluta in control of Rhipicephalus (Boophilus) microplus. The crude extract and fractions of<br/>Selaginella convoluta (5, 10 and 25 mg/ml) were submitted to immersion test engorged females<br/>in order to verify the percentage of hatching, inhibition of oviposition, estimated rendering index<br/>and efficacy of the extracts. The crude ethanol extract (2.5%) showed the best result, achieving<br/>54.6% of efficiency. Although not all fractions have showed a satisfactory efficacy, the present<br/>results may suggest an auxiliary effect in controlling ticks.<br/><br/>Keywords: tick; biologic control; jericó
650 ## - ASSUNTO - THESAGRO
Cabeçalho tópico ou nome geográfico CARRAPATO
650 ## - ASSUNTO - THESAGRO
Cabeçalho tópico ou nome geográfico CONTROLE BIOLÓGICO
650 ## - ASSUNTO - THESAGRO
Cabeçalho tópico ou nome geográfico PLANTA MEDICINAL
773 0# - ENTRADA ANALÍTICA
Host Biblionumber 3543
Registro do item 317263
Imprenta Botucatu-SP Instituto de Biociências - Departamento de Química e Bioquímica 1998
Outro identificador 2024-3900
Título Revista Brasileira de Plantas Medicinais (Brazil)
ISSN 1516-0572
Colação v. 19(4) p. 518-522; (2017)
Número de controle de registro BR2024002143
856 ## - ACESSO E ENDEREÇO ELETRÔNICO
Identificador uniforme de recurso - URI http://www.sbpmed.org.br/admin/files/papers/file_9QLPoVAEqwY3.pdf

Nenhum exemplar disponível.

BINAGRI

Telefone: (61)3218-2567/2388/3357/2097 - binagri@agro.gov.br

Ministério da Agricultura e Pecuária , Esplanada dos Ministérios, Bloco D, Anexo B, Brasília/DF, CEP: 70.043-900